Educación al aire libre (Record no. 4893)

MARC details
000 -LEADER
campo de control de longitud fija 00949nam a2200337 a 4500
003 - IDENTIFICADOR DE NÚMERO DE CONTROL
campo de control AR-BaBNM
005 - FECHA Y HORA DE LA ÚLTIMA TRANSACCIÓN
campo de control 20251128203756.0
008 - DATOS DE LONGITUD FIJA--INFORMACIÓN GENERAL
campo de control de longitud fija 082120s2002 ||||||||||||||000 | spa||
040 ## - FUENTE DE CATALOGACIÓN
Centro/agencia transcriptor AR-BaBNM
100 1# - ENTRADA PRINCIPAL--NOMBRE DE PERSONA
Nombre de persona Gabrielsen, M. Alexander
245 00 - MENCIÓN DEL TÍTULO
Título Educación al aire libre
250 ## - MENCION DE EDICION
Mención de edición 1ª ed.
260 ## - PUBLICACIÓN, DISTRIBUCIÓN, ETC.
Lugar de publicación, distribución, etc. Buenos Aires
Nombre del editor, distribuidor, etc. Troquel
Fecha de publicación, distribución, etc. 1971
300 ## - DESCRIPCIÓN FÍSICA
Extensión 152 p.
490 #0 - MENCIÓN DE SERIE
Mención de serie Biblioteca de la nueva educación
500 ## - NOTA GENERAL
Nota general Apéndice p. 141-144
500 ## - NOTA GENERAL
Nota general Glosario p. 145-149
504 ## - NOTA DE BIBLIOGRAFÍA, ETC.
Nota de bibliografía, etc. Nota Bibliografía p. 137-140
650 #4 - PUNTO DE ACCESO ADICIONAL DE MATERIA--TÉRMINO DE MATERIA
Término de materia o nombre geográfico como elemento de entrada ACTIVIDADES AL AIRE LIBRE
650 #4 - PUNTO DE ACCESO ADICIONAL DE MATERIA--TÉRMINO DE MATERIA
Término de materia o nombre geográfico como elemento de entrada ACTIVIDADES DE APRENDIZAJE
650 #4 - PUNTO DE ACCESO ADICIONAL DE MATERIA--TÉRMINO DE MATERIA
Término de materia o nombre geográfico como elemento de entrada METODO GLOBAL
650 #4 - PUNTO DE ACCESO ADICIONAL DE MATERIA--TÉRMINO DE MATERIA
Término de materia o nombre geográfico como elemento de entrada PROGRAMAS RECREATIVOS
650 #4 - PUNTO DE ACCESO ADICIONAL DE MATERIA--TÉRMINO DE MATERIA
Término de materia o nombre geográfico como elemento de entrada OCIO
653 ## - TÉRMINO DE INDIZACIÓN--NO CONTROLADO
Término no controlado PROCESO DE ENSEÑANZA-APRENDIZAJE
653 ## - TÉRMINO DE INDIZACIÓN--NO CONTROLADO
Término no controlado CAMPAMENTOS EDUCATIVOS
700 1# - ENTRADA AGREGADA--NOMBRE PERSONAL
Nombre de persona Holtzer, Charles
700 1# - ENTRADA AGREGADA--NOMBRE PERSONAL
Nombre de persona Nash, Jay B.
Término indicativo de función/relación prologuista
700 1# - ENTRADA AGREGADA--NOMBRE PERSONAL
Nombre de persona Burejson, Aurelia R. de
Término indicativo de función/relación traductor
942 ## - ELEMENTOS DE ENTRADA SECUNDARIOS (KOHA)
Tipo de ítem Koha Libros
998 ## - INFORMACIÓN DE CONTROL LOCAL (RLIN)
Iniciales del catalogador, CIN (RLIN) Carmen
Holdings
Estatus retirado Estado de pérdida Fuente de la clasificación o esquema de estantería Estado de daño No para préstamo Biblioteca de origen Biblioteca actual Fecha de adquisición Total de préstamos Signatura topográfica completa Código de barras Visto por última vez Precio de reemplazo Tipo de ítem Koha
    Clasificación Decimal Dewey     Liberty Liberty 28/11/2025   379.8 GAB 064385 28/11/2025 28/11/2025 Libros
    Clasificación Decimal Dewey     Liberty Liberty 28/11/2025   379.8 GAB 064384 28/11/2025 28/11/2025 Libros
    Clasificación Decimal Dewey     Liberty Liberty 28/11/2025   379.8 GAB 022214 28/11/2025 28/11/2025 Libros